UM Logo

Tulay sa pagbasa at pagsusuri ng iba't-ibang teksto tungo sa pananaliksik: (Record no. 11827)

MARC details
000 -LEADER
fixed length control field 00736nam a22001697a 4500
008 - FIXED-LENGTH DATA ELEMENTS--GENERAL INFORMATION
fixed length control field 190108b ||||| |||| 00| 0 eng d
020 ## - INTERNATIONAL STANDARD BOOK NUMBER
International Standard Book Number 978-621-409-087-7
082 ## - DEWEY DECIMAL CLASSIFICATION NUMBER
Edition number 2017
Classification number DFil 499.211
Item number M842
100 ## - MAIN ENTRY--PERSONAL NAME
Personal name Mortera, Melvin Orio
9 (RLIN) 33674
245 ## - TITLE STATEMENT
Title Tulay sa pagbasa at pagsusuri ng iba't-ibang teksto tungo sa pananaliksik:
Remainder of title Ikalawa sa serye ng materyal sa programang k-12 (may panulay sa ika-21 siglong pagkatuto at sa college readiness standards) /
Statement of responsibility, etc. Melvin Orio Mortera
260 ## - PUBLICATION, DISTRIBUTION, ETC. (IMPRINT)
Place of publication, distribution, etc. Mandaluyong City, Philippines :
Name of publisher, distributor, etc. Books Atbp. Publishing Corp.,
Date of publication, distribution, etc. ©2017.
300 ## - PHYSICAL DESCRIPTION
Extent xii, 129 pages ;
Dimensions 23 cm
500 ## - GENERAL NOTE
General note May kalakip na talasangunian
650 ## - SUBJECT ADDED ENTRY--TOPICAL TERM
Topical term or geographic name as entry element Reading (Filipino)
9 (RLIN) 33675
365 ## - TRADE PRICE
Price amount 400.00
Currency code Php.
942 ## - ADDED ENTRY ELEMENTS (KOHA)
Source of classification or shelving scheme Dewey Decimal Classification
Koha item type Filipiniana
Holdings
Withdrawn status Lost status Source of classification or shelving scheme Damaged status Not for loan Collection code Home library Current library Shelving location Date acquired Source of acquisition Cost, normal purchase price Total Checkouts Full call number Barcode Date last seen Date last checked out Copy number Price effective from Koha item type
    Dewey Decimal Classification     Filipiniana UM Digos College - LIC UM Digos College - LIC Book Cart 08/16/2018 Purchased 400.00 1 DFil 499.211 M842 2017 25141 05/15/2025 03/02/2023 1 01/08/2019 Filipiniana
    Dewey Decimal Classification     Filipiniana UM Digos College - LIC UM Digos College - LIC   02/16/2021 Purchased     DFil 499.211 M842 2017 26114 05/15/2025   2 04/19/2021 Filipiniana